000 01185nam a2200265Ia 4500
001 10734
003 GE_BSU
008 181216s||||||||xx |||||||||||||| ||und||
020 _a9789941933226
040 _cGE_BSU
080 _a37.01(075.8)
245 _aპედაგოგიკის საკითხები:მასწავლებლის პროფ.განვითარება.
245 _bსახელმძღვანელო.
245 _cშემდგ.მანანა ბოჭორიშვილი
260 _aთბილისი
260 _bუსტარი.
260 _c2013.
300 _a155გვ;24სმ.
300 _eცხრ;ფოტ;ტერმინთა განმარტება:გვ.151–154.ბიბლიოგრ.გვ:155.
520 _aშემოსულია ტემპუსის პროექტით.
541 _h12ლ.90თ.
653 _aპედაგოგიკის საკითხები:მასწავლებლის პროფ.განვითარება.
653 _aტემპუსის პროექტით
942 _cBK
999 _c43984
_d43984